El fenómeno del tele-evangelismo

Uloženo v:
Podrobná bibliografie
Hlavní autor: Saco, Daniel (Autor)
Médium: Kniha
Jazyk:španělština
Vydáno: Buenos Aires Fundación S.P.E.S 1995
Vydání:1a. ed
Edice:Dixi, 8
Témata:
Tagy: Přidat tag
Žádné tagy, Buďte první, kdo vytvoří štítek k tomuto záznamu!

MARC

LEADER 00000nam a2200000 a 4500
001 UCK3678
003 CL-VaPUC
008 050506e19950000AG |||||||||||||||||spa|d
020 |a 987907615X 
082 0 4 |a 291.9  |b SAC  |2 21 
100 0 |a Saco, Daniel  |e author  |9 491899 
245 1 3 |a El fenómeno del tele-evangelismo 
250 |a 1a. ed 
300 |a 23 p 
942 |c BK 
945 |d 20050506 00:00:00  |a cmena 
260 |a Buenos Aires  |b Fundación S.P.E.S  |c 1995 
650 7 |a SECTAS RELIGIOSAS  |2 CL-VaPUC  |9 491900 
650 0 |a Medios de comunicación de masas  |9 257273 
650 0 |a Sociología de la religión   |9 337481 
650 7 |a EVANGELIZACION  |2 CL-VaPUC  |9 491901 
583 |a last modification  |c 20050506 00:00:00  |k Rodrigo Vera 
490 0 |a Dixi, 8 
999 |c 312796  |d 312794 
952 |0 0  |1 0  |4 0  |6 291_900000000000000_SAC_1995  |7 0  |8 A  |9 383630  |a BIBTEO  |b BIBTEO  |d 2019-11-21  |i 4118049  |o 291.9 SAC 1995  |p 4118049  |r 2024-01-18  |w 2019-11-21  |y BK  |k ICR